| 000 | 00638nam a2200133Ia 4500 | ||
|---|---|---|---|
| 008 | 100328s9999 xx 000 0 und d | ||
| 082 | _b59045 | ||
| 100 | _aमुझुमदार वासंती-संपा. | ||
| 245 | _aश्रीपु श्री.पु.भागवत व्यक्ती आणि संपादक. | ||
| 260 | _bग्रंथाली. | ||
| 630 | _aश्रीपु श्री.पु.भागवत व्यक्ती आणि संपादक. | ||
| 730 | _aश्रीपु श्री.पु.भागवत व्यक्ती आणि संपादक. | ||
| 942 | _cBOOK | ||
| 999 |
_c545311 _d545308 |
||